| 000 | 00431nam a22001697a 4500 | ||
|---|---|---|---|
| 005 | 20180319110548.0 | ||
| 008 | 160526b xxu||||| |||| 00| 0 eng d | ||
| 020 | _a81-7194-331-4 | ||
| 041 | _aeng | ||
| 082 |
_b5120 _a336.24 |
||
| 100 |
_aSinganiya, Vinod & Monica _91279 |
||
| 245 | _aStudents Guide to income tax | ||
| 260 |
_aNew Delhi _bAcademic Faundation |
||
| 300 | _aDeu.2000 | ||
| 650 |
_aManagement _9241 |
||
| 942 | _cBK | ||
| 999 |
_c1786 _d1785 |
||